Most popular baby names in Denmark - Statistics

General Stats
  • This quiz has been taken 45 times
  • The average score is 3 of 10
Answer Stats
Gender Answer % Correct
Girl Emma
79%
Girl Sofia
47%
Boy William
42%
Boy Noah
37%
Girl Ida
29%
Girl Alma
21%
Boy Lucas
16%
Girl Ella
13%
Boy Oscar
11%
Boy Victor
3%
No matching quizzes found
Score Distribution
Percent of People with Each Score
Percentile by Number Answered
Your Score History
You have not taken this quiz